| 000 | 00369nam a22001577a 4500 | ||
|---|---|---|---|
| 005 | 20160903145222.0 | ||
| 008 | 160903b xxu||||| |||| 00| 0 eng d | ||
| 020 | _a81-85048-31-2 | ||
| 041 | _aeng | ||
| 082 | _b20296 | ||
| 100 |
_aCHADHA K.L. AND SHARMA S.R. _93464 |
||
| 245 | _aADVANCES IN HORITICULTURE | ||
| 260 |
_bMALHOTRA _c2011 |
||
| 300 | _a649 | ||
| 942 | _cBK | ||
| 999 |
_c5169 _d5167 |
||